| 000 | 00889nam a2200217Ia 4500 | ||
|---|---|---|---|
| 003 | Ost | ||
| 005 | 20260507075014.0 | ||
| 008 | 260507s9999||||xx |||||||||||||| ||und|| | ||
| 040 | _cfsecg | ||
| 041 | _aara | ||
| 082 | _a346.02 | ||
| 100 |
_aأبو الهيجاء، محمد إبراهيم _eمؤلف |
||
| 245 | 0 |
_aالتعاقد بالبيع بواسطة الأنترنيت / _c محمد إبراهيم أبو الهيجاء |
|
| 260 |
_aعمان: _bمكتبة دار الثقافة, _c2002 |
||
| 300 |
_a77 صفحة؛ _c24 سم |
||
| 490 | _aسلسلة الرسائل القانونية،471 | ||
| 520 | _aأهمية وخصائص وتفريق عقد البيع-أركان عقد البيع-نشأة وتاريخ وفوائد الأنترنيت-التعاقد بواسطة الأنترنيت | ||
| 653 | _aالانترنت | ||
| 653 | _aعقود البيع | ||
| 942 | _cكتاب | ||
| 999 |
_c42193 _d42193 |
||